000 00759nam a2200265Ia 4500
003 OSt
005 20221005055849.0
006 a|||||r|||| 00| 0
007 ta
008 221004b |||||||| |||| 00| 0 eng d
024 _a37437
037 _cTextual
040 _aCRL
_cCRL
_beng
041 _2eng
_aeng
082 _aO111,3M96:g, L0
100 _aTurnbull Andrew
_955591
110 _aGift from Prof Amitava Banerjee, England
_9579674
245 0 _aScott Fitzgerald
260 _aLondon
_bPenguin Books UK
_c1970
300 _a367p.
_ccm.
650 _aENGLISH LITERATURE
700 _aGift from Prof Amitava Banerjee, England
_9579675
942 _hO111,3M96:g, L0
_cTEXL
_2cc
999 _c965823
_d965823